<?xml version='1.0' encoding='UTF-8'?>
  <record xmlns="http://www.loc.gov/MARC21/slim">
    <leader>00000cem a2200000 i 4500</leader>
    <controlfield tag="001">ocn902705508</controlfield>
    <controlfield tag="003">OCoLC</controlfield>
    <controlfield tag="005">20250802234427.2</controlfield>
    <controlfield tag="007">aj aauun</controlfield>
    <controlfield tag="008">150202s1585    gw        a     0   ger d</controlfield>
    <datafield tag="040" ind1=" " ind2=" ">
      <subfield code="a">NLGGC</subfield>
      <subfield code="b">dut</subfield>
      <subfield code="e">fobidrtb</subfield>
      <subfield code="c">NLGGC</subfield>
      <subfield code="d">QGJ</subfield>
      <subfield code="d">OCLCO</subfield>
      <subfield code="d">OCLCF</subfield>
      <subfield code="d">OCLCL</subfield>
      <subfield code="d">OCLCQ</subfield>
    </datafield>
    <datafield tag="035" ind1=" " ind2=" ">
      <subfield code="a">(OCoLC)902705508</subfield>
    </datafield>
    <datafield tag="084" ind1=" " ind2=" ">
      <subfield code="a">74.19</subfield>
      <subfield code="2">bcl</subfield>
    </datafield>
    <datafield tag="245" ind1="0" ind2="0">
      <subfield code="a">Als nach vil muhe und anlag gross, Der von Parma den Schelt beschloss, Antorf das gar ungern gesehen, ein anschlach dort wider bestehen ...</subfield>
    </datafield>
    <datafield tag="260" ind1=" " ind2=" ">
      <subfield code="a">[Köln] :</subfield>
      <subfield code="b">[Franz Hogenberg],</subfield>
      <subfield code="c">1585.</subfield>
    </datafield>
    <datafield tag="300" ind1=" " ind2=" ">
      <subfield code="a">1 krt. :</subfield>
      <subfield code="b">kopergrav. ;</subfield>
      <subfield code="c">22 x 27 cm</subfield>
    </datafield>
    <datafield tag="336" ind1=" " ind2=" ">
      <subfield code="a">cartografische afbeelding</subfield>
      <subfield code="b">cri</subfield>
      <subfield code="2">rdacontent/dut</subfield>
    </datafield>
    <datafield tag="337" ind1=" " ind2=" ">
      <subfield code="a">zonder medium</subfield>
      <subfield code="b">n</subfield>
      <subfield code="2">rdamedia/dut</subfield>
    </datafield>
    <datafield tag="338" ind1=" " ind2=" ">
      <subfield code="a">vel</subfield>
      <subfield code="b">nb</subfield>
      <subfield code="2">rdacarrier/dut</subfield>
    </datafield>
    <datafield tag="500" ind1=" " ind2=" ">
      <subfield code="a">Prent van de belegering van Antwerpen door de Spanjaarden onder leiding van de hertog van Parma, met ontploffend kruitschip, April 1585.</subfield>
    </datafield>
    <datafield tag="500" ind1=" " ind2=" ">
      <subfield code="a">Verschenen in atlas, genummerd 218.</subfield>
    </datafield>
    <datafield tag="651" ind1=" " ind2="0">
      <subfield code="a">Netherlands</subfield>
      <subfield code="x">History</subfield>
      <subfield code="y">Eighty Years' War, 1568-1648.</subfield>
    </datafield>
    <datafield tag="651" ind1=" " ind2="0">
      <subfield code="a">Antwerp (Belgium)</subfield>
      <subfield code="x">History</subfield>
      <subfield code="y">Siege, 1584-1585.</subfield>
    </datafield>
    <datafield tag="600" ind1="1" ind2="4">
      <subfield code="a">Farnese, Alessandro,</subfield>
      <subfield code="d">1545-1592.</subfield>
    </datafield>
    <datafield tag="651" ind1=" " ind2="6">
      <subfield code="a">Pays-Bas</subfield>
      <subfield code="x">Histoire</subfield>
      <subfield code="y">1568-1648 (Guerre de Quatre-Vingts Ans)</subfield>
    </datafield>
    <datafield tag="651" ind1=" " ind2="6">
      <subfield code="a">Anvers (Belgique)</subfield>
      <subfield code="x">Histoire</subfield>
      <subfield code="y">1583-1585 (Siège)</subfield>
    </datafield>
    <datafield tag="647" ind1=" " ind2="7">
      <subfield code="a">Eighty Years' War</subfield>
      <subfield code="c">(Netherlands :</subfield>
      <subfield code="d">1568-1648)</subfield>
      <subfield code="2">fast</subfield>
      <subfield code="0">(OCoLC)fst01802133</subfield>
    </datafield>
    <datafield tag="647" ind1=" " ind2="7">
      <subfield code="a">Siege of Antwerp</subfield>
      <subfield code="c">(Antwerp, Belgium :</subfield>
      <subfield code="d">1584-1585)</subfield>
      <subfield code="2">fast</subfield>
      <subfield code="0">(OCoLC)fst01354716</subfield>
    </datafield>
    <datafield tag="648" ind1=" " ind2="7">
      <subfield code="a">1568-1648</subfield>
      <subfield code="2">fast</subfield>
    </datafield>
    <datafield tag="651" ind1=" " ind2="7">
      <subfield code="a">Belgium</subfield>
      <subfield code="z">Antwerp.</subfield>
      <subfield code="2">fast</subfield>
      <subfield code="0">(OCoLC)fst01204472</subfield>
    </datafield>
    <datafield tag="651" ind1=" " ind2="7">
      <subfield code="a">Netherlands.</subfield>
      <subfield code="2">fast</subfield>
      <subfield code="0">(OCoLC)fst01204034</subfield>
    </datafield>
    <datafield tag="650" ind1=" " ind2="7">
      <subfield code="a">Belegeringen.</subfield>
      <subfield code="0">(NL-LeOCL)078448018.</subfield>
      <subfield code="2">gtt</subfield>
    </datafield>
    <datafield tag="650" ind1=" " ind2="7">
      <subfield code="a">Tachtigjarige oorlog.</subfield>
      <subfield code="0">(NL-LeOCL)078683912.</subfield>
      <subfield code="2">gtt</subfield>
    </datafield>
    <datafield tag="651" ind1=" " ind2="7">
      <subfield code="a">Antwerpen (stad)</subfield>
      <subfield code="0">(NL-LeOCL)090646991.</subfield>
      <subfield code="2">gtt</subfield>
    </datafield>
    <datafield tag="651" ind1=" " ind2="7">
      <subfield code="a">Schelde (rivier)</subfield>
      <subfield code="0">(NL-LeOCL)095960058.</subfield>
      <subfield code="2">gtt</subfield>
    </datafield>
    <datafield tag="655" ind1=" " ind2="7">
      <subfield code="a">History.</subfield>
      <subfield code="2">fast</subfield>
      <subfield code="0">(OCoLC)fst01411628</subfield>
    </datafield>
    <datafield tag="700" ind1="1" ind2=" ">
      <subfield code="a">Hogenberg, Frans,</subfield>
      <subfield code="d">ca. 1540-1590.</subfield>
      <subfield code="4">ctg</subfield>
      <subfield code="4">pbl</subfield>
    </datafield>
    <datafield tag="758" ind1=" " ind2=" ">
      <subfield code="a">Als nach vil muhe und anlag gross, Der von Parma den Schelt beschloss, Antorf das gar ungern gesehen, ein anschlach dort wider bestehen (CartographicMaterial)</subfield>
      <subfield code="1">https://id.oclc.org/worldcat/entity/E39PD3Yhh9gCXt7VMqYGqDvKtX</subfield>
      <subfield code="4">https://id.oclc.org/worldcat/ontology/hasWork</subfield>
    </datafield>
    <datafield tag="936" ind1=" " ind2=" ">
      <subfield code="a">BATCHLOAD</subfield>
    </datafield>
  </record>